000
00295nam a22001337a 4500
008
170608b xxu||||| |||| 00| 0 eng d
020
_a
9780534571115
041
_a
eng
080
_2
8 RD
_a
328
100
_a
18
101
_a
SHH
245
_a
AMERICAN GOVERNMENT
_c
GRUHL.W
942
_2
udc
_c
BK
999
_c
16477
_d
16477